01138 a2200217 4500003000500000005001700005010001600022020001500038040000900053082001200062100002300074245005400097250004400151260004800195300004000243505056800283650001700851650001500868700001800883700001900901NUST20221202140608.0 a 74180104 a0521086280 cNust00a537,MCK1 aMcKenzie, A. E. E.12aA second course of electricity /cA.E.E. McKenzie brevised by J. Jenkins and W. H. Jarvis. aLondon,bCambridge University Press,c1957. axi, 317 p.:billus., ports.c23 cm. aThe Electric Current (Page-1), Electrical Measurements (Page-16), Magnetic Flux (Page-41), Magnetic Material (Page-76), Magnetic Moment . The Earth’s Magnetic Field (Page-98), Electrolysis (Page-120), Cells (Page-132), Qualitative Electrostatics (Page-146), Quantitative Electrostatics (Page-165), Electromagnetic Induction (Page-187), Absolute Measurement . Dimensions (Page-206), Alternating Current (Page-213), Thermoelectric, Photoelectric and Thermionic Effects (Page-228), Radio Transmission and Reception (Page-251), Atomic Physics (Page-272).  0aElectricity. 0aMagnetism.1 aJarvis, W. H.1 aJenkins, John,